=LDR 00000nam 2200000 4500 =001 INLIS000000000008262 =005 20130612100146 =008 ***********************************Ind** =035 ##$$0010-061300000008262 =041 ##$$a Ind =082 ##$$a 633 =090 ##$$a 633, Sug b =100 ##$$a Sugeng HR =245 ##$$a Bercocok tanam Palawija, Sugeng HR ; editor, Hesti Hardinah =260 ##$$a 2001 $b Semarang =300 ##$$a IV, 246 hlm, ilus, 21 cm =650 ##$$a Palawija =850 ##$$a NBPNMAT